| 000 | 01025nam a2200361 a 4500 | ||
|---|---|---|---|
| 003 | AR-BaBNM | ||
| 005 | 20251128205814.0 | ||
| 008 | 082120s2002 ||||||||||||||000 | spa|| | ||
| 020 | _a84-86690-22-6 | ||
| 040 | _cAR-BaBNM | ||
| 245 | 0 | 0 | _aEducación infantil |
| 250 | _a1ª ed. | ||
| 260 |
_aMadrid _bEductrade _c1994 |
||
| 300 |
_ap. irreg. _bil. |
||
| 490 | 0 | _aProyecto URI. Utilización de recursos instrumentales | |
| 650 | 4 | _aRECURSOS EDUCACIONALES | |
| 650 | 4 | _aMATERIAL DIDACTICO | |
| 650 | 4 | _aMATERIAL MANIPULABLE | |
| 650 | 4 | _aTRABAJO EN EQUIPO | |
| 650 | 4 | _aDESARROLLO MOTOR | |
| 650 | 4 | _aDESARROLLO DE DESTREZAS | |
| 650 | 4 | _aPENSAMIENTO LOGICO | |
| 650 | 4 | _aMATERIALES DE APOYO | |
| 653 | _aEDUCACION INICIAL | ||
| 700 | 1 | _aPérez Arias, Elena | |
| 700 | 1 | _aMalagón Poyato, María Teresa | |
| 700 | 1 | _aPablo López, Paloma de | |
| 700 | 1 | _aSanuy Simón, Montserrat | |
| 700 | 1 | _aPascual Herrero, Julia | |
| 700 | 1 | _aBlasco Torrejón, Mercedes | |
| 942 | _cBK | ||
| 998 | _cCarmen | ||
| 999 |
_c12881 _d12881 |
||